1723 1685 1131 1758 1788 1958 1650 1524 1762 1511 1697 1127 1150 1601 1290 1280 1222 1425 1975 1204 1106 1268 1528 1095 1351 1041 1283 1972 1612 1385 1692 1914 1630 1268 1520 1367 1635 1384 1428 1453 1084 1829 1664 1802 1373 1177 1853 1980 1429 1087 1721 1576 1089 1520 1438 1298 1469 1892 1927 1408 1881 1365 1676 1216 1593 1053 1757 1670 1590 1364 1164 1552 1789 1766 1136 1014 1760 1752 1724 1541 1271 1630 1225 1875 1490 1844 1901 1288 1838 1404 1228 1993 1798 1425 1712 1838 1561 1012 1768 BCNSPRNW ULIB Ver.6.0+V

เปลี่ยนเป็นภาษาไทย

Change to English
 แสดงรายละเอียดบรรณานุกรม
  กลับหน้าหลัก

Brief Record : Get Marc (ISO 2709) : E-mail record : QR code < ปิดหน้าต่าง
LEADER : 00000nam 2200000uu 4500
001    13399125040
003     ULIB
008    160529s2555||||th 000 0 tha d
020    ^a9786160810628
050    ^aQA101^bส181ก
110    ^aสถาบันส่งเสริมการสอนวิทยาศาสตร์และเทคโนโลยีกระทรวงศึกษาธิการ
245    ^aการวัดผลประเมินผลคณิตศาสตร์/^cสถาบันส่งเสริมการสอนวิทยาศาสตร์และเทคโนโลยีกระทรวงศึกษาธิการ
260    ^aกรุงเทพฯ :^bซีเอ็ดยูเคชั่น จำกัด,^c2555
300    ^a256 หน้า;^b26 ซม.
650    ^aคณิตศาสตร์^xการประเมิน
650    ^aการประเมินผลทางการศึกษา
650    ^aการวัดผลการศึกษา
945    ^p180^l0^i23776
945    ^p180^l0^i23777
999    ^aทศพร เกษรทอง
รายการนี้ยังไม่มีแท็ก
คุณยังไม่ได้ล็อกอิน คุณสามารถมีกิจกรรมร่วมกับเว็บไซต์ได้ แต่ต้องล็อกอินก่อน ::
  ล็อกอิน

รายการสื่อสารสนเทศ

ลำดับที่ ประเภท เลขเรียก/บาร์โค้ด สถานที่ สถานะ
1. การศึกษาทั่วไป
การศึกษาทั่วไป
QA101 ส181ก ฉ.1 
  Barcode: 23776
ห้องสมุดวิทยาเขตนครสวรรค์
►หนังสือทั่วไป:l:General Books
บนชั้น
2. การศึกษาทั่วไป
การศึกษาทั่วไป
QA101 ส181ก ฉ.2 
  Barcode: 23777
ห้องสมุดวิทยาเขตนครสวรรค์
►หนังสือทั่วไป:l:General Books
บนชั้น

รายการใกล้เคียง
    หัวเรื่อง [การประเมินผลทางการศึกษา]
    หัวเรื่อง [การวัดผลการศึกษา]

BibComment


ยังไม่เคยถูกคอมเมนท์

คอมเมนท์ทรัพยากรรายการนี้
  คอมเมนท์: การวัดผลประเมินผ..


 Copyright 2026. Bcnsprnw @Library